UBT Library

Handbook of aging and the social sciences / (Record no. 42953)

000 -LEADER
fixed length control field 00882cam a22002534a 4500
001 - CONTROL NUMBER
control field 14132739
005 - DATE AND TIME OF LATEST TRANSACTION
control field 20180220092454.0
008 - FIXED-LENGTH DATA ELEMENTS--GENERAL INFORMATION
fixed length control field 051005s2006 ne a b 001 0 eng
010 ## - LIBRARY OF CONGRESS CONTROL NUMBER
LC control number 2005029192
020 ## - INTERNATIONAL STANDARD BOOK NUMBER
International Standard Book Number 0120883880 (alk. paper)
040 ## - CATALOGING SOURCE
Original cataloging agency DLC
Transcribing agency DLC
Modifying agency DLC
041 ## - LANGUAGE CODE
Language code of text/sound track or separate title eng
042 ## - AUTHENTICATION CODE
Authentication code pcc
080 ## - UNIVERSAL DECIMAL CLASSIFICATION NUMBER
Universal Decimal Classification number 305.26 BIN
082 00 - DEWEY DECIMAL CLASSIFICATION NUMBER
Classification number 305.26 BIN
Edition number 22
100 ## - Rafti
Rafti 50
101 ## - Shkurtesa
Shkurtesa SOC
245 00 - TITLE STATEMENT
Title Handbook of aging and the social sciences /
Statement of responsibility, etc editors Robert H. Binstock and Linda K. George ; associate editors Stephen J. Cutler, Jon Hendricks, and James H. Schulz.
246 30 - VARYING FORM OF TITLE
Title proper/short title Aging and the social sciences
504 ## - BIBLIOGRAPHY, ETC. NOTE
Bibliography, etc Includes bibliographical references and indexes.
906 ## - LOCAL DATA ELEMENT F, LDF (RLIN)
a 7
b cbc
c orignew
d 1
e ecip
f 20
g y-gencatlg
942 ## - ADDED ENTRY ELEMENTS (KOHA)
Source of classification or shelving scheme
Item type Books
Holdings
Withdrawn status Lost status Source of classification or shelving scheme Damaged status Not for loan Collection code Permanent location Current location Shelving location Date acquired Total Checkouts Full call number Barcode Date last seen Price effective from Koha item type
          Koleksioni i përgjithshem UBT - Lipjan UBT - Lipjan Koleksioni i përgjithshem 02/20/2018   305.26 BIN 002-2998282 02/20/2018 02/20/2018 Books
UBT Library © 2015-2024. All rights reserved University Education for Business and Technology